000 00263nam a2200097Ia 4500
001 833350
005 20250826172413.0
008 250824s9999 xx 000 0 und d
245 0 _aDİRİLİŞ NESLİNİN AMENTÜSÜ
_cSEZAİ KARAKOÇ
260 _bDİRİLİŞ YAYINLARI
999 _c833350
_d833350